00880cam a22002533a 450000100060000000300060000600500170001200800410002904000150007004200070008505000070009210000370009924502150013626000290035150600300038051600200041065300260043065300280045665300270048465300130051170000310052483000290055585600420058412578PGUSA20140828083254.0040601s2004||||xxu|||||s|||||000 | eng d aPGUSAbeng adc 4aPR1 aShakespeare, William,d1564-161610aShakespeare's play of the Merchant of Venice :bArranged for Representation at the Princess's Theatre, with Historical and Explanatory Notes by Charles Kean, F.S.A.h[electronic resource] /cWilliam Shakespeare bProject Gutenberg,c2004 aPublic domain in the USA. aElectronic text aMoneylenders -- Drama aVenice (Italy) -- Drama aJews -- Italy -- Drama aComedies1 aKean, Charles John,d-1868 0aProject Gutenbergv1257840uhttp://www.gutenberg.org/ebooks/12578